000 01089nam a2200325Ia 4500
003 OSt
005 20221007122641.0
006 a|||||r|||| 00| 0
007 ta
008 221006b |||||||| |||| 00| 0 eng d
020 _a9780071072830 (Pbk)
_c598
024 _a149377
037 _b4126, 23/09/2011, New India Book Agency
_cTextual
040 _aPAPL
_cPAPL
_beng
041 _2eng
_aeng
082 _aD65, 8 (B) 92C++, Q1 Carpa
100 _aBalagrusamy E
_9714769
245 0 _aSubject oriented programming with C++
250 _a5th
260 _aNew
_bdelhi TMH
_c2008
300 _axvii; 563p.
_ccm.
500 _aAppendix A-I 450-545; Include bibliographoical refrences 557p.; Index 559-563p.
650 _a Computer programming
650 _a Programming in basic
_9714770
650 _a Programming in c language
_9714771
650 _a Programming in java
_9714772
650 _aPhysics
942 _hD65, 8 (B) 92C++, Q1 Carpa
_cTEXL
_2CC
999 _c1210716
_d1210716